Living Sufism (Record no. 348086)
[ view plain ]
| 000 -LEADER | |
|---|---|
| fixed length control field | 00280 a2200121 4500 |
| 020 ## - INTERNATIONAL STANDARD BOOK NUMBER | |
| International Standard Book Number | 9695190006 |
| 090 ## - LOCALLY ASSIGNED LC-TYPE CALL NUMBER (OCLC); LOCAL CALL NUMBER (RLIN) | |
| -- | 5684 |
| -- | 5684 |
| 100 ## - MAIN ENTRY--PERSONAL NAME | |
| Personal name | Seyyed Jossein Nasr |
| 245 ## - TITLE STATEMENT | |
| Title | Living Sufism |
| 260 ## - PUBLICATION, DISTRIBUTION, ETC. | |
| Place of publication, distribution, etc. | Lahore |
| Name of publisher, distributor, etc. | Suhail Academy |
| Date of publication, distribution, etc. | 2005 |
| 300 ## - PHYSICAL DESCRIPTION | |
| Extent | 185p. |
| 942 ## - ADDED ENTRY ELEMENTS (KOHA) | |
| Institution code [OBSOLETE] | NBS |
| Koha item type | Book |
| Call number prefix | 297.4 NAS |
| Withdrawn status | Lost status | Damaged status | Not for loan | Permanent Location | Current Location | Shelving location | Date acquired | Total Checkouts | Full call number | Barcode | Checked out | Date last seen | Date last checked out | Price effective from | Koha item type |
|---|---|---|---|---|---|---|---|---|---|---|---|---|---|---|---|
| Central Library (CL) | Central Library (CL) | First Floor - Islam | 08/28/2013 | 4 | 297.4 NAS | NBSD-1597 | 10/19/2018 | 10/04/2018 | 10/04/2018 | 08/28/2013 | Book |
